000
00316nam a22001457a 4500
003
SGT
020
_a
9788179919767
082
_a
954.03
_b
V50K
100
_a
KEER, DHANANJAY
245
_a
VEER SAVARKAR
260
_a
INDIA
_b
POPULAR PRAKASHAN
_c
1950
300
_a
601
650
_a
MAHATMA GANDHI
942
_2
ddc
_c
BK
999
_c
26122
_d
26122